| 000 | 00557nam a2200229Ia 4500 | ||
|---|---|---|---|
| 003 | 0100 | ||
| 008 | 130303s9999 xx 000 0 und d | ||
| 040 | _cARRUPELIB | ||
| 050 | _aQ175.O454 1989 | ||
| 100 | _aO'Hear, Anthony | ||
| 245 | _aIntroduction to the philosophy of science | ||
| 260 | _aOxford | ||
| 260 | _bClarendon Press | ||
| 260 | _C1989 | ||
| 300 | _ax | ||
| 300 | _b 239 p.20 cm | ||
| 650 | _bOral tradition--Africa | ||
| 650 | _cAfrica--History | ||
| 650 | _dAfrica--Hiatoriography | ||
| 700 | _aAnthony O'Hear | ||
| 942 | 0 | 0 | _016 |
| 999 |
_c15519 _d15519 |
||